Sports Quiz

Random Sports or Company Quiz

Most valuable sports business brands Quiz Stats

 Plays Quiz not verified by Sporcle

Score 0/10 Timer 05:00
0 Plays Today
Industry Company % Correct
ApparelNike
97.4%
ApparelAdidas
89.9%
NetworkESPN
77.3%
ApparelReebok
69.7%
GamingEA Sports
62.1%
ApparelUnder Armour
47.7%
NetworkYES Network
17.7%
ManagementIMG
12.7%
NetworkSky Sports
12.2%
NetworkMSG Network
9.7%

You're not logged in!

Compare scores with friends on all Sporcle quizzes.
OR
Log In

Sporcle TV

Today on Sporcle TV


Watch our educational content, quiz creation guides, and fun videos on Sporcle TV.

Show Comments

Extras

Top Quizzes Today


Score Distribution

Your Account Isn't Verified!

In order to create a playlist on Sporcle, you need to verify the email address you used during registration. Go to your Sporcle Settings to finish the process.

Report this User

Report this user for behavior that violates our Community Guidelines.

Details: